000 00528nam a2200217Ia 4500
003 OSt
005 20220928140135.0
006 a|||||r|||| 00| 0
007 ta
008 220927b |||||||| |||| 00| 0 eng d
024 _a6828
037 _cTextual
040 _aSDCL
_cSDCL
_beng
041 _2eng
_aeng
082 _aO115,2M28:g, N9
100 _aLedger Sally
_9494103
245 0 _aHenrik Ibsen.
260 _c1999
942 _hO115,2M28:g, N9
_cTEXL
_2CC
999 _c809987
_d809987